Statistiques concernant Capitales les plus proches de Madrid - une minute sprint

Cliquez ici pour prendre le quiz!

Statistiques générales

  • Ce quiz a été pris 53 fois
  • Le résultat moyen est 14 sur 20

Réponses sur la Carte

Les réponses sont colorées sur une échelle allant du rouge au vert en fonction du pourcentage des utilisateurs qui les ont devinées à leur premier essai. Vous pouvez retrouver ces pourcentages ci-dessous.
Chargement ...
 

Statistiques - réponses

kmcapital% Correct
503Lisbonne
100%
1053Paris
98%
1363Rome
98%
1153Berne
85%
1265Londres
85%
719Alger
83%
771Rabat
83%
494Andorre-la-Vieille
81%
1319Bruxelles
73%
991Monaco
73%
1271Tunis
69%
1453Dublin
67%
1483Amsterdam
63%
1281Luxembourg
63%
1362Vatican
63%
1385Saint-Marin
52%
1297Vaduz
52%
1668La Valette
50%
1600Ljubljana
38%
1702Zagreb
35%

Distribution des résultats

Percentile par nombre de réponses

% des personnes avec chaque résultat

Votre développement - résultats

Vous n’avez pas pris ce quiz